| 000 | 00965cam a22003011a 4500 | ||
|---|---|---|---|
| 999 |
_c1771 _d1771 |
||
| 003 | EG-ScBUE | ||
| 005 | 20200109130254.0 | ||
| 008 | 190729t1972 nyua f 001 0 eng d | ||
| 020 | _a0030889995 | ||
| 040 |
_aEG-ScBUE _beng _erda _cEG-ScBUE _dEG-ScBUE |
||
| 082 | 0 | 4 |
_a808.54 _bBAC _222 |
| 100 | 1 |
_aBacon, Wallace A, _d1914-2001, _eauthor. |
|
| 245 | 1 | 4 |
_aThe art of interpretation / _cWallace A. Bacon, Northwestern University. |
| 250 | _aSecond edition. | ||
| 264 | 1 |
_aNew York : _bHolt, Rinehart and Winston, Inc, _c[1972] |
|
| 264 | 4 | _cc 1972 | |
| 300 |
_axiii, 514 pages : _billustrations ; _c24 cm |
||
| 336 |
_2rdacontent _atext _btxt |
||
| 337 |
_2rdamedia _aunmediated _bn |
||
| 338 |
_2rdacarrier _avolume _bnc |
||
| 500 | _aIncludes index. | ||
| 500 | _aIncludes appendices. | ||
| 590 | _amahmoud sami | ||
| 650 | 7 |
_aOral interpretation. _2BUEsh |
|
| 653 |
_bHHUUEENN _cJanuary2020 |
||
| 655 | _vReading book | ||
| 942 |
_cBB _k808.54 BAC _2ddc |
||